NHL First Overall Draft Picks - Sudden Death - Statistics

General Stats
  • This quiz has been taken 13 times
  • The average score is 10 of 16
Answers on the Grid
Answers color-coded by a green-red scale on the quiz's grid according to % correct below.
Cale Makar
Nail Yakupov
Gabriel Landeskog
Nolan Patrick
Taylor Hall
Aaron Ekblad
Dylan Guenther
William Nylander
Erik Johnson
Aleksander Barkov
Sidney Crosby
Patrick Kane
Alexis Lafrenière
Quinn Hughes
Ilya Kovalchuk
Porter Martone
Eric Staal
Juraj Slafkovský
Rick Nash
Logan Couture
Jonathan Toews
John Tavares
Nico Hischier
Owen Power
Cutter Gauthier
Matthew Schaefer
Jordan Staal
Dylan Strome
Kirill Kaprizov
Jordan Eberle
Rasmus Dahlin
Nathan Mackinnon
 
Answer Stats
Answer % Correct
Sidney Crosby
100%
Nathan Mackinnon
89%
John Tavares
78%
Patrick Kane
78%
Ilya Kovalchuk
67%
Matthew Schaefer
67%
Taylor Hall
67%
Aaron Ekblad
56%
Alexis Lafrenière
56%
Erik Johnson
56%
Juraj Slafkovský
56%
Nail Yakupov
56%
Owen Power
56%
Rasmus Dahlin
56%
Rick Nash
56%
Nico Hischier
44%
No matching quizzes found
Score Distribution
Percent of People with Each Score
Percentile by Number Answered
Your Score History
You have not taken this quiz